000 00730nam a2200241 a 4500
008 951213s1984||||[C 0 slo c
020 _c25 Kčs.
_q(11700 výtl.)
040 _aSNK
_bslo
_cSNK
_eAACR2
041 1 _aslo
_hfre
044 _axo
_cSK
080 _a840-3
100 1 _aDéon, Michel
_4aut
245 1 0 _aFialový taxík
_cMichel Déon ; Ladislav Lapšanský, Ladislav Lapšanský, Svetozár Mydlo
250 _a1., vyd.
260 _aBratislava
_bSmena
_c1984
_eBratislava
_fPravda
300 _a285 s., 17,61 AH
_c20 cm
490 0 _aŠtafeta
500 _aRozlož. tit. list.
700 1 _aLapšanský, Ladislav
_4trl
700 1 _aLapšanský, Ladislav
_4[ADC]
700 1 _aMydlo, Svetozár
_4bkd
958 _aA
999 _c10379
_d10379